| 000 | 00626nmm a2200253 a 4500 | ||
|---|---|---|---|
| 003 | AR-BaBNM | ||
| 005 | 20251128205327.0 | ||
| 008 | 011101s1995 ||||||||||||||000 | spa|| | ||
| 020 | _a0-19-432602-0 | ||
| 040 | _cAR-BaBNM | ||
| 100 | 1 | _aMcHugh, Madeline | |
| 245 | 1 | 0 |
_aFanfare _bclass book _n2 |
| 260 |
_aOxford _bOxford University Press _c1995 |
||
| 300 |
_a47 p. _bil |
||
| 650 | 4 | _aENSENANZA DE IDIOMAS | |
| 650 | 4 | _aLIBROS DE TEXTO | |
| 650 | 4 | _aINGLES | |
| 650 | 4 | _aGRAMATICA | |
| 650 | 4 | _aVOCABULARIO | |
| 650 | 4 | _aACTIVIDADES DE APRENDIZAJE | |
| 700 | 1 | _aMaidment, Stella | |
| 942 | _cBK | ||
| 998 | _cmau | ||
| 999 |
_c10941 _d10941 |
||